Přístupy k řízení inovací ve středních a velkých podnicích

Teoretické východiská problému riadenia inovácií. Kolektívny intelligence a znalostný manažment. Znalostný manažment, inovácie a vzdelávanie zamestnancov v rámci organizácie. Vývoj inovačných sietí na internete.

Saved in:
Bibliographic Details
Main Author: Koudelková, Petra
Other Authors: Svobodová, Andrea
Format: Book Chapter
Language:Czech
Subjects:
Tags: Add Tag
No Tags, Be the first to tag this record!

MARC

LEADER 00000naa a2200000 4500
001 0148781
005 20231204134341.9
041 0 |a cze 
044 |a CZ 
245 1 0 |a Přístupy k řízení inovací ve středních a velkých podnicích  |c Petra Koudelková, Andrea Svobodová 
520 |a Teoretické východiská problému riadenia inovácií. Kolektívny intelligence a znalostný manažment. Znalostný manažment, inovácie a vzdelávanie zamestnancov v rámci organizácie. Vývoj inovačných sietí na internete. 
610 2 0 |a podnik stredný 
610 2 0 |a podnik veľký 
610 2 0 |a riadenie podnikové 
610 2 0 |a inovácia 
610 2 0 |a riadenie znalostí 
610 2 0 |a stratégia inovačná 
100 1 |a Koudelková, Petra 
700 1 |a Svobodová, Andrea